| 000 | 00817nam a22002537a 4500 | ||
|---|---|---|---|
| 003 | |||
| 005 | 20251126092908.0 | ||
| 008 | 210722b 2021 dr a 00| 0 spad | ||
| 020 | _a9789945613698 | ||
| 040 |
_aBPMSU _bspa _cBPMSU |
||
| 082 |
_aCu863.44 _bA185j 2021 _222 |
||
| 100 | 1 | _a Acosta Matos, Eliades | |
| 245 | 1 | 3 |
_aEl jardín de las llaves : _bnovela / _cEliades Acosta Matos |
| 260 |
_aSanto Domingo : _bArchivo General de la Nación, _c2020. |
||
| 300 |
_a176 p. ; _c23 cm. |
||
| 490 | 0 |
_aArchivo General de la Nación, _v403 |
|
| 500 | _aIncluye datos biográficos del autor en las solapas. | ||
| 590 | _aInventariado, 2021 /VM | ||
| 650 | 4 | _aNovela cubana | |
| 650 | 4 | _aLiteratura cubana | |
| 710 | 2 | _aArchivo General de la Nación (República Dominicana) | |
| 910 | _aVMateo V. | ||
| 942 |
_2ddc _cBK |
||
| 999 |
_c13627 _d13627 |
||